Políticas estatales y desarrollo regional (Registro nro. 6684)
[ vista simple ]
| 000 -LEADER | |
|---|---|
| fixed length control field | 01377 a2200253 4500 |
| 001 - CONTROL NUMBER | |
| control field | 59430 |
| 005 - DATE AND TIME OF LATEST TRANSACTION | |
| control field | 20260407155848.0 |
| 008 - FIXED-LENGTH DATA ELEMENTS--GENERAL INFORMATION | |
| fixed length control field | 260407a1987 arg spa d |
| 003 - CONTROL NUMBER IDENTIFIER | |
| control field | AR-UNSa-BCEJYS |
| 040 ## - CATALOGING SOURCE | |
| Original cataloging agency | AR-UNSa-BCEJYS |
| Language of cataloging | spa |
| Transcribing agency | AR-UNSa-BCEJYS |
| 080 ## - UNIVERSAL DECIMAL CLASSIFICATION NUMBER | |
| Universal Decimal Classification number | 338.2(82) |
| Common auxiliary subdivision | Política económica. Control de la economía. Gestión de la economía. Planificación económica en Argentina |
| 020 ## - INTERNATIONAL STANDARD BOOK NUMBER | |
| International Standard Book Number | 950-9370-08-8 |
| 041 ## - LANGUAGE CODE | |
| Language code of text/sound track or separate title | spa |
| 100 1# - MAIN ENTRY--PERSONAL NAME | |
| Personal name | Rofman, Alejandro |
| 245 10 - TITLE STATEMENT | |
| Title | Políticas estatales y desarrollo regional |
| Name of part/section of a work | La experiencia del gobierno militar en la región del NEA (1976-1981) |
| 264 #1 - PRODUCTION, PUBLICATION, DISTRIBUTION, MANUFACTURE, AND COPYRIGHT NOTICE | |
| Place of production, publication, distribution, manufacture | Buenos Aires : |
| Name of producer, publisher, distributor, manufacturer | Ediciones CEUR |
| Date of production, publication, distribution, manufacture, or copyright notice | 1987 |
| 300 ## - PHYSICAL DESCRIPTION | |
| Extent | xviii, 267 p. |
| Dimensions | 22 cm. |
| 505 ## - FORMATTED CONTENTS NOTE | |
| Formatted contents note | 1. Introducción - 2. Política económica nacional y de las provincias entre 1976 y 1981 - 3. Formación histórica regional hasta 1970 - 4. Situación general durante el periodo 1976 - 1982 - 5. Los circuitos de producción-acumulación más relevantes y su comportamiento en 1976-1982 - 6. Aspectos relevantes de la estructura social. Principales formas organizativas en el sector agropecuario - 7. Principales consecuencias de la política monetarista liberal sobre las estructuras sociales y económicas provinciales - |
| 590 ## - LOCAL NOTE (RLIN) | |
| Local note | niveau_biblio:m niveau_hierar:0 |
| 700 1# - ADDED ENTRY--PERSONAL NAME | |
| Personal name | Quintar, Aída |
| 700 1# - ADDED ENTRY--PERSONAL NAME | |
| Personal name | Marqués, Nora |
| 700 1# - ADDED ENTRY--PERSONAL NAME | |
| Personal name | Manzanal, Mabel |
| 942 ## - ADDED ENTRY ELEMENTS (KOHA) | |
| Koha item type | |
| Withdrawn status | Lost status | Damaged status | Not for loan | Home library | Current library | Shelving location | Date acquired | Total checkouts | Full call number | Barcode | Date last seen | Price effective from | Koha item type |
|---|---|---|---|---|---|---|---|---|---|---|---|---|---|
| Biblioteca Prof. Eusebio Cleto del Rey | Biblioteca Prof. Eusebio Cleto del Rey | 07/04/2026 | 338.2(82) P769 | L85645 | 07/04/2026 | 07/04/2026 | Libro |